000 01102nam a2200229 a 4500
001 000041877
005 20201002035815.0
008 131018s2001 sp a 000 0 spa d
020 _a8400079604
040 _aDO-SdBNP
_bspa
_cBNPHU
082 _axxx
_bP153p
110 1 _aColoquio Internacional sobre la Literatura de Cordel
_n(1st :
_d2000
_cMadrid)
_968766
245 1 0 _aPalabras para el Pueblo :
_bLa colección de pliegos del CSIC : fondos de la imprenta Hernando /
_ccoordinador, Luis Díaz G. Viana ; edición a cargo de Araceli Godino Loópez ... [et al.].
260 _aMadrid :
_bConsejo Superior de Investigaciones Científicas,
_bDepartamento de Antropología de España y América,
_c2001.
300 _av. :
_bil. ;
_c25 cm.
490 1 _aBiblioteca de dialectología y tradiciones populares
_v33
500 _aIncluye referencias bibliográficas y notas al pie de las páginas.
504 _aBibliografía: p. 755-775
700 1 _aDíaz G. Viana, Luis
_943426
700 1 2 _aGodino Loópez, Araceli
_eed.
_968767
830 0 _aBiblioteca de dialectología y tradiciones populares
_n33
_968768
999 _c41366
_d41366